000 00297nam a22001337a 4500
008 181207b xxu||||| |||| 00| 0 eng d
020 _a0256030464
041 _aeng
080 _a159.9
100 _a49
101 _aPSI
245 _aPsychology Of Work Behavior
_cLandy.F.J
942 _2udc
_cBK
999 _c52983
_d52983